Normal view
MARC view
- Noman, Nasimul,
Entry Personal Name
001 - CONTROL NUMBER
- control field: 2860
003 - CONTROL NUMBER IDENTIFIER
- control field: NUST
005 - DATE AND TIME OF LATEST TRANSACTION
- control field: 20170619104313.0
008 - FIXED-LENGTH DATA ELEMENTS
- fixed length control field: 170619|| aca||aabn | a|a d
040 ## - CATALOGING SOURCE
- Original cataloging agency: NUST
- Transcribing agency: NUST
100 ## - HEADING--PERSONAL NAME
- Personal name: Noman, Nasimul,
- Relator term: editor.
670 ## - SOURCE DATA FOUND
- Source citation: Work cat.: (NUST)0: Evolutionary computation in gene regulatory network research
